| 000 | 00508nam a2200157 i 4500 | ||
|---|---|---|---|
| 001 | 41283 | ||
| 003 | ES-MaACL | ||
| 005 | 20230906160414.0 | ||
| 007 | t| | ||
| 008 | 030310s1878 sp ||||1| spa d | ||
| 100 | 1 |
_aCases y Montserrat, José. _936303 |
|
| 245 | 1 | 0 |
_aSolución Cases de clorhidro-fosfato de cal... / _cpreparada y garantizada por ...José Cases y Montsserrat... |
| 260 |
_aBarcelona : _b[s.n.], _c1878 ( _fEst. tip. de C. Miró) |
||
| 300 |
_a16 p. ; _c21 cm. |
||
| 852 |
_aES-MaACL _jT-278-F-2 |
||
| 999 |
_c41283 _d41283 |
||